Guildance and counseling in schools (Record no. 3930)

MARC details
000 -LEADER
fixed length control field 00435nam a22001457a 4500
008 - FIXED-LENGTH DATA ELEMENTS--GENERAL INFORMATION
fixed length control field 250623b |||||||| |||| 00| 0 eng d
020 ## - INTERNATIONAL STANDARD BOOK NUMBER
ISBN 9781032699424
100 ## - MAIN ENTRY--AUTHOR
Author Ranganathan Namita
245 ## - TITLE STATEMENT
Title Guildance and counseling in schools
260 ## - PUBLICATION, DISTRIBUTION, ETC. (IMPRINT)
Place of publication Miiton park, Abington
Name of publisher Routledge
Date of publication 2024
300 ## - COLLATION
Pagination Xii 294p.
Other physical details ill
650 ## - TRACINGS
Main Subject Students- mental health services
Subdivision (1st) Education counseling
942 ## - ADDED ENTRY ELEMENTS (KOHA)
Item type Books
050 ## - LIBRARY OF CONGRESS CALL NUMBER
Classification number LB3430
Item number .R36
Holdings
Source of classification or shelving scheme Not for loan Permanent location Current location Date acquired Accession No. Full call number Barcode. Koha item type
Library of Congress Classification   Samuel Ogbemudia Main Library, University of Abuja Samuel Ogbemudia Main Library, University of Abuja 06/23/2025 2025/65083 LB3430.R36 2025-2630 Books